<?xml version="1.0" encoding="UTF-8"?>
<collection xmlns="http://www.loc.gov/MARC21/slim">
 <record>
  <leader>02930cam a2200649   4500</leader>
  <controlfield tag="001">228324084</controlfield>
  <controlfield tag="003">DE-627</controlfield>
  <controlfield tag="005">20240320183300.0</controlfield>
  <controlfield tag="007">tu</controlfield>
  <controlfield tag="008">970606s1997    xxu|||||      00| ||eng c</controlfield>
  <datafield tag="010" ind1=" " ind2=" ">
   <subfield code="a">   97007650 </subfield>
  </datafield>
  <datafield tag="016" ind1="7" ind2=" ">
   <subfield code="a">0300068468</subfield>
   <subfield code="2">UK</subfield>
  </datafield>
  <datafield tag="020" ind1=" " ind2=" ">
   <subfield code="a">0300068468</subfield>
   <subfield code="c">acid-free paper</subfield>
   <subfield code="9">0-300-06846-8</subfield>
  </datafield>
  <datafield tag="024" ind1="8" ind2=" ">
   <subfield code="a">197-7650</subfield>
   <subfield code="q">Identnummer</subfield>
  </datafield>
  <datafield tag="035" ind1=" " ind2=" ">
   <subfield code="a">(DE-627)228324084</subfield>
  </datafield>
  <datafield tag="035" ind1=" " ind2=" ">
   <subfield code="a">(DE-576)061169870</subfield>
  </datafield>
  <datafield tag="035" ind1=" " ind2=" ">
   <subfield code="a">(DE-599)GBV228324084</subfield>
  </datafield>
  <datafield tag="035" ind1=" " ind2=" ">
   <subfield code="a">(OCoLC)833183323</subfield>
  </datafield>
  <datafield tag="035" ind1=" " ind2=" ">
   <subfield code="a">(OCoLC)36446878</subfield>
  </datafield>
  <datafield tag="040" ind1=" " ind2=" ">
   <subfield code="a">DE-627</subfield>
   <subfield code="b">ger</subfield>
   <subfield code="c">DE-627</subfield>
   <subfield code="e">rakwb</subfield>
  </datafield>
  <datafield tag="041" ind1=" " ind2=" ">
   <subfield code="a">eng</subfield>
  </datafield>
  <datafield tag="044" ind1=" " ind2=" ">
   <subfield code="c">XD-US</subfield>
   <subfield code="c">XA-GB</subfield>
  </datafield>
  <datafield tag="050" ind1=" " ind2="0">
   <subfield code="a">ND623.T7</subfield>
  </datafield>
  <datafield tag="082" ind1="0" ind2=" ">
   <subfield code="a">759.5</subfield>
  </datafield>
  <datafield tag="084" ind1=" " ind2=" ">
   <subfield code="a">9,10</subfield>
   <subfield code="2">ssgn</subfield>
  </datafield>
  <datafield tag="084" ind1=" " ind2=" ">
   <subfield code="a">LI 89556</subfield>
   <subfield code="2">rvk</subfield>
   <subfield code="0">(DE-625)rvk/97277:13284</subfield>
  </datafield>
  <datafield tag="084" ind1=" " ind2=" ">
   <subfield code="a">LI 89559</subfield>
   <subfield code="2">rvk</subfield>
   <subfield code="0">(DE-625)rvk/97277:13287</subfield>
  </datafield>
  <datafield tag="084" ind1=" " ind2=" ">
   <subfield code="a">20.31</subfield>
   <subfield code="2">bkl</subfield>
  </datafield>
  <datafield tag="084" ind1=" " ind2=" ">
   <subfield code="a">20.23</subfield>
   <subfield code="2">bkl</subfield>
  </datafield>
  <datafield tag="100" ind1="1" ind2=" ">
   <subfield code="a">Goffen, Rona</subfield>
   <subfield code="d">1944-2004</subfield>
   <subfield code="0">(DE-588)133483169</subfield>
   <subfield code="0">(DE-627)546773125</subfield>
   <subfield code="0">(DE-576)16419276X</subfield>
   <subfield code="4">aut</subfield>
  </datafield>
  <datafield tag="245" ind1="1" ind2="0">
   <subfield code="a">Titian's women</subfield>
   <subfield code="c">Rona Goffen</subfield>
  </datafield>
  <datafield tag="264" ind1=" " ind2="1">
   <subfield code="a">New Haven [u.a.]</subfield>
   <subfield code="b">Yale Univ. Press</subfield>
   <subfield code="c">1997</subfield>
  </datafield>
  <datafield tag="300" ind1=" " ind2=" ">
   <subfield code="a">IX, 342 S.</subfield>
   <subfield code="b">Ill., Taf. (z.T. farb.)</subfield>
   <subfield code="c">4°</subfield>
  </datafield>
  <datafield tag="336" ind1=" " ind2=" ">
   <subfield code="a">Text</subfield>
   <subfield code="b">txt</subfield>
   <subfield code="2">rdacontent</subfield>
  </datafield>
  <datafield tag="337" ind1=" " ind2=" ">
   <subfield code="a">ohne Hilfsmittel zu benutzen</subfield>
   <subfield code="b">n</subfield>
   <subfield code="2">rdamedia</subfield>
  </datafield>
  <datafield tag="338" ind1=" " ind2=" ">
   <subfield code="a">Band</subfield>
   <subfield code="b">nc</subfield>
   <subfield code="2">rdacarrier</subfield>
  </datafield>
  <datafield tag="500" ind1=" " ind2=" ">
   <subfield code="a">Includes bibliographical references and index</subfield>
  </datafield>
  <datafield tag="583" ind1="1" ind2=" ">
   <subfield code="a">Archivierung/Langzeitarchivierung gewährleistet</subfield>
   <subfield code="f">SSG</subfield>
   <subfield code="x">XA-DE-BW</subfield>
   <subfield code="2">pdager</subfield>
   <subfield code="5">DE-16</subfield>
  </datafield>
  <datafield tag="600" ind1="1" ind2="0">
   <subfield code="a">Titian</subfield>
   <subfield code="d">approximately 1488-1576</subfield>
   <subfield code="x">Criticism and interpretation</subfield>
  </datafield>
  <datafield tag="650" ind1=" " ind2="0">
   <subfield code="a">Women in art</subfield>
  </datafield>
  <datafield tag="689" ind1="0" ind2="0">
   <subfield code="d">p</subfield>
   <subfield code="0">(DE-588)118622994</subfield>
   <subfield code="0">(DE-627)133455408</subfield>
   <subfield code="0">(DE-576)163323321</subfield>
   <subfield code="a">Vecellio, Tiziano</subfield>
   <subfield code="d">1490-1576</subfield>
   <subfield code="2">gnd</subfield>
  </datafield>
  <datafield tag="689" ind1="0" ind2="1">
   <subfield code="d">s</subfield>
   <subfield code="0">(DE-588)4037220-0</subfield>
   <subfield code="0">(DE-627)10623871X</subfield>
   <subfield code="0">(DE-576)209022892</subfield>
   <subfield code="a">Malerei</subfield>
   <subfield code="2">gnd</subfield>
  </datafield>
  <datafield tag="689" ind1="0" ind2="2">
   <subfield code="d">s</subfield>
   <subfield code="0">(DE-588)4113617-2</subfield>
   <subfield code="0">(DE-627)104653604</subfield>
   <subfield code="0">(DE-576)209477962</subfield>
   <subfield code="a">Frau</subfield>
   <subfield code="g">Motiv</subfield>
   <subfield code="2">gnd</subfield>
  </datafield>
  <datafield tag="689" ind1="0" ind2=" ">
   <subfield code="5">(DE-627)</subfield>
  </datafield>
  <datafield tag="700" ind1="1" ind2=" ">
   <subfield code="a">Vecellio, Tiziano</subfield>
   <subfield code="d">1490-1576</subfield>
   <subfield code="e">Ill.</subfield>
   <subfield code="0">(DE-588)118622994</subfield>
   <subfield code="0">(DE-627)133455408</subfield>
   <subfield code="0">(DE-576)163323321</subfield>
   <subfield code="4">ill</subfield>
  </datafield>
  <datafield tag="787" ind1="0" ind2="8">
   <subfield code="i">Rezension</subfield>
   <subfield code="a">Koos, Marianne</subfield>
   <subfield code="t">Titian's women, Giorgione's men?</subfield>
   <subfield code="d">1998</subfield>
   <subfield code="w">(DE-627)1469449390</subfield>
   <subfield code="w">(DE-576)399449396</subfield>
  </datafield>
  <datafield tag="935" ind1=" " ind2=" ">
   <subfield code="i">Blocktest</subfield>
  </datafield>
  <datafield tag="936" ind1="r" ind2="v">
   <subfield code="a">LI 89556</subfield>
   <subfield code="b">der Künstler als Maler</subfield>
   <subfield code="k">Kunstgeschichte</subfield>
   <subfield code="k">Künstler-Monografien</subfield>
   <subfield code="k">Alphabetische Künstlerliste</subfield>
   <subfield code="k">Künstler T</subfield>
   <subfield code="k">Tiziano Vecellio (bis 89560)</subfield>
   <subfield code="k">der Künstler als Maler</subfield>
   <subfield code="0">(DE-627)1271712946</subfield>
   <subfield code="0">(DE-625)rvk/97277:13284</subfield>
   <subfield code="0">(DE-576)201712946</subfield>
  </datafield>
  <datafield tag="936" ind1="r" ind2="v">
   <subfield code="a">LI 89559</subfield>
   <subfield code="b">Monographien und Bildbände zu einzelnen Kunstwerken</subfield>
   <subfield code="k">Kunstgeschichte</subfield>
   <subfield code="k">Künstler-Monografien</subfield>
   <subfield code="k">Alphabetische Künstlerliste</subfield>
   <subfield code="k">Künstler T</subfield>
   <subfield code="k">Tiziano Vecellio (bis 89560)</subfield>
   <subfield code="k">Monographien und Bildbände zu einzelnen Kunstwerken</subfield>
   <subfield code="0">(DE-627)1270893912</subfield>
   <subfield code="0">(DE-625)rvk/97277:13287</subfield>
   <subfield code="0">(DE-576)200893912</subfield>
  </datafield>
  <datafield tag="936" ind1="b" ind2="k">
   <subfield code="a">20.31</subfield>
   <subfield code="j">Bildende Künstler</subfield>
   <subfield code="0">(DE-627)181571080</subfield>
  </datafield>
  <datafield tag="936" ind1="b" ind2="k">
   <subfield code="a">20.23</subfield>
   <subfield code="j">Mensch</subfield>
   <subfield code="x">Ikonographie</subfield>
   <subfield code="0">(DE-627)106406337</subfield>
  </datafield>
  <datafield tag="951" ind1=" " ind2=" ">
   <subfield code="a">BO</subfield>
  </datafield>
  <datafield tag="990" ind1=" " ind2=" ">
   <subfield code="a">Vecellio, Tiziano</subfield>
  </datafield>
  <datafield tag="990" ind1=" " ind2=" ">
   <subfield code="a">Malerei</subfield>
  </datafield>
  <datafield tag="990" ind1=" " ind2=" ">
   <subfield code="a">Frau</subfield>
  </datafield>
  <datafield tag="991" ind1=" " ind2=" ">
   <subfield code="a">Rezensiertes Werk</subfield>
  </datafield>
  <datafield tag="999" ind1=" " ind2=" ">
   <subfield code="a">KXP-PPN228324084</subfield>
   <subfield code="e">4003380398</subfield>
  </datafield>
 </record>
</collection>
